000
00263nam a2200109Ia 4500
008
190216s9999||||xx |||||||||||||| ||und||
100
_a
William Pickles
245
0
_a
Accountancy
260
_b
The English Language Book Society
_c
1960
300
_a
1399p
942
_c
BK
999
_c
3866
_d
3866